Responses for Show #1259 - Thursday, February 8, 1990

1990 Teen Tournament quarterfinal game 4.

Contestants

[<< previous game]

Stacey White, a senior from Fullerton, California

Jamie Weiss, a junior from Fairfax, Virginia

Peji Ghanouni, a senior from Marietta, Georgia

[next game >>]

Jeopardy! Round responses

TEEN TRIVIA
WEAPONS
ANIMALS
NONFICTION
GEMS & JEWELRY
THE SENSES
    $100 11
Miss America Pageant

Stacey
    $100 17
return to the thrower

Jamie
    $100 6
kangaroo

Stacey
    $100 1
Dr. Spock

Peji
    $100 16
Smithsonian

Peji
    $100 26
touch

Jamie
    $200 12
(Peji: What is 6 years?)

7

PejiJamie
    $200 18
(Peji: What is fire sticks?)
...
(Alex: Yes, "Count Desmond" swallowed thirteen, 23" blades, hurt himself doing it too.)

swords

PejiJamie
    $200 7
(2 of) Africa & Australia (or Antarctica)

Peji
    $200 2
Rosalynn Carter

Peji
    $1,200 22
pearls

Peji
    $200 27
ears

Peji
    $300 13
(Peji: What is an exclamation mark?)

apostrophe

PejiStacey
    $300 19
stake

Jamie
    $300 8
ewe

Stacey
    $300 3
The Communist Manifesto

Stacey
    $300 23
jade

Peji
    $300 28
sight & hearing

Peji
    $400 14
New Kids on the Block

Stacey
    $400 20
lance

Peji
    $400 9
killer whales

Peji
    $400 4
bullfighting

Peji
    $400 24
(Peji: What is amethyst?)

turquoise

PejiStacey
    $400 29
taste buds

Jamie
    $500 15
Christian Slater

Triple Stumper
    $500 21
(Jamie: What is a trident?)

pike

PejiJamie
    $500 10
chamois

Stacey
    $500 5
And So It Goes

Jamie
    $500 25
amethyst

Stacey
    $500 30
smell

Jamie

Scores at the first commercial break (after clue 17):

Peji Jamie Stacey
$900 $800 $2,000

Scores at the end of the Jeopardy! Round:

Peji Jamie Stacey
$3,200 $1,800 $2,900

Double Jeopardy! Round responses

ISLANDS
AMERICAN WOMEN
ENGLISH LITERATURE
BOTANY
HISTORY
NUMBER, PLEASE
    $200 25
(Peji: What is, uh, Manhattan Island?)
(Stacey: What is Staten Island?)

Long Island

PejiStacey
Triple Stumper
    $200 17
Christie Brinkley

Peji
    $200 6
Joan of Arc

Peji
    $200 16
orchids

Stacey
    $200 2
India

Peji
    $200 1
3

Peji
    $400 26
(Peji: What is uh...sorry?)

Galveston

PejiStacey
    $400 19
Geraldine Ferraro

Peji
    $400 7
Gulliver's Travels

Stacey
    $400 18
(Jamie: What is a coconut?)

date

JamieStacey
    $400 3
Ireland

Triple Stumper
    $400 9
500

Jamie
    $600 24
Mediterranean Sea

Peji
    $600 20
Secretary of Defense

Peji
    $600 8
Sir Arthur Conan Doyle

Jamie
    $600 28
(Peji: What is the stem?)

root

Peji
Triple Stumper
    $600 4
Magellan

Peji
    $600 10
14

Peji
    $5,000 23
(Alex: The raising of the American flag.)

Iwo Jima

Jamie
    $800 21
Annie Potts

Jamie
    $2,000 14
Alfred Lord Tennyson

Peji
    $800 29
chlorophyll

Jamie
    $800 5
Soviet Union

Stacey
    $800 12
(Stacey: What is 100?)

10

JamieStacey
    $1000 22
Bismarck

Triple Stumper
    $1000 27
(Jeane) Kirkpatrick

Peji
    $1000 15
Henry Fielding

Peji
    $1000 30
pine tree

Stacey
    $1000 11
Athens

Jamie
    $1000 13
101st

Peji

Scores at the end of the Double Jeopardy! Round:

Peji Jamie Stacey
$10,600 $10,800 $5,100

Final Jeopardy! Round responses

PRESIDENTS
StaceyWho is Ford?
$3,100
PejiWho is LBJ?
$1,400
JamieWho is G. Bush?
$200
George Bush

Final scores:

Peji Jamie Stacey
$9,200 $11,000 $2,000
2nd place: $1,000 if eliminated Automatic semifinalist 3rd place: $1,000 if eliminated

Game dynamics:

Coryat scores:

Peji Jamie Stacey
$8,400 $6,600 $5,100
25 R
(including 2 DDs),
7 W
15 R
(including 1 DD),
2 W
15 R,
2 W

Combined Coryat: $20,100

[game clues] [game scores] [suggest correction]

Game tape date: 1990-01-06
The J! Archive is created by fans, for fans. Scraping, republication, monetization, and malicious use prohibited; this site may use cookies and collect identifying information. See terms. The Jeopardy! game show and all elements thereof, including but not limited to copyright and trademark thereto, are the property of Jeopardy Productions, Inc. and are protected under law. This website is not affiliated with, sponsored by, or operated by Jeopardy Productions, Inc. Join the discussion at JBoard.tv.